000 00468cam a2200193 4500
001 D2561
008 090401t1934 xxu||||| |||| 00| 0 eng d
035 _a(Sirsi) u69602
041 _aeng
050 _a624.05
110 _aCommittee on Engineering Quantities
_92500
245 _aReport of the committee
250 _a2nd
260 _aLondon
_bInstitution of Civil Engineers
_c1934
300 _a47p. 22cm
350 _a0
942 _n0
948 _c04/03/1997
999 _c95217
_d95217